[Event "Top 12 2021"]
[Site "Chalons en Champagne, France"]
[Date "2021.07.04"]
[Round "11.22"]
[White "Thomas, Anysia VAN"]
[Black "Rakotomaharo, Fy Antenaina MUL"]
[Result "0-1"]
[WhiteElo "2175"]
[BlackElo "2435"]

1. d4 {[%clk 01:28:08]} {[%emt 00:02:52]} Nf6 {[%clk 01:21:05]} {[%emt
00:09:54]} 2. c4 {[%clk 01:28:27]} {[%emt 00:00:11]} g6 {[%clk 01:21:25]}
{[%emt 00:00:10]} 3. Nc3 {[%clk 01:28:52]} {[%emt 00:00:06]} d5 {[%clk
01:21:53]} {[%emt 00:00:02]} 4. cxd5 {[%clk 01:29:16]} {[%emt 00:00:06]} Nxd5
{[%clk 01:22:20]} {[%emt 00:00:02]} 5. e4 {[%clk 01:29:40]} {[%emt 00:00:06]}
Nxc3 {[%clk 01:22:46]} {[%emt 00:00:03]} 6. bxc3 {[%clk 01:30:06]} {[%emt
00:00:04]} Bg7 {[%clk 01:23:11]} {[%emt 00:00:05]} 7. Be3 {[%clk 01:30:30]}
{[%emt 00:00:06]} c5 {[%clk 01:23:37]} {[%emt 00:00:03]} 8. Nf3 {[%clk
01:30:54]} {[%emt 00:00:07]} Bg4 {[%clk 01:24:03]} {[%emt 00:00:04]} 9. Qd2
{[%clk 01:30:37]} {[%emt 00:00:48]} Bxf3 {[%clk 01:24:06]} {[%emt 00:00:26]} 10.
gxf3 {[%clk 01:31:02]} {[%emt 00:00:05]} e6 {[%clk 01:24:31]} {[%emt 00:00:04]}
11. Rd1 {[%clk 01:17:57]} {[%emt 00:13:36]} O-O {[%clk 01:21:52]} {[%emt
00:03:08]} 12. h4 {[%clk 01:16:59]} {[%emt 00:01:29]} h5 {[%clk 01:17:53]}
{[%emt 00:04:29]} 13. Be2 {[%clk 01:04:17]} {[%emt 00:13:12]} Nc6 {[%clk
01:16:08]} {[%emt 00:02:15]} 14. Bh6 {[%clk 00:56:58]} {[%emt 00:07:50]} Qa5
{[%clk 01:15:01]} {[%emt 00:01:37]} 15. Bxg7 {[%clk 00:56:52]} {[%emt
00:00:36]} Kxg7 {[%emt 00:10:58]} 16. O-O Rfd8 {[%clk 01:10:05]} 17. Qb2 {[%emt
00:07:12]} cxd4 18. cxd4 {[%clk 00:45:38]} Qb6 {[%clk 01:00:12]} 19. Qxb6
{[%clk 00:23:30]} {[%emt 00:35:43]} axb6 {[%clk 00:58:37]} 20. d5 {[%emt
00:00:25]} exd5 21. exd5 Ne7 22. Bc4 Nf5 23. Rfe1 Ra4 24. Bb3 Rxh4 25. Re4
{[%clk 00:23:59]} Kf6 {[%emt 00:18:42]} 26. Rc1 Rxe4 {[%clk 00:47:54]} {[%emt
00:04:26]} 27. fxe4 {[%clk 00:16:20]} {[%emt 00:02:14]} Nd6 {[%clk 00:48:19]}
{[%emt 00:00:04]} 28. f3 {[%clk 00:15:13]} {[%emt 00:01:37]} Rd7 {[%clk
00:48:30]} {[%emt 00:00:19]} 29. Kf2 {[%clk 00:13:55]} {[%emt 00:01:49]} Ke5
{[%clk 00:48:35]} {[%emt 00:00:24]} 30. Ke3 {[%clk 00:12:52]} {[%emt 00:01:33]}
g5 {[%clk 00:48:18]} {[%emt 00:00:48]} 31. Rg1 {[%clk 00:05:21]} {[%emt
00:08:02]} f6 {[%clk 00:48:18]} {[%emt 00:00:28]} 32. Rc1 {[%clk 00:05:31]}
{[%emt 00:00:20]} Rh7 {[%clk 00:45:53]} {[%emt 00:02:55]} 33. Bd1 {[%clk
00:04:24]} {[%emt 00:01:37]} h4 {[%clk 00:43:22]} {[%emt 00:03:01]} 34. Be2
{[%clk 00:04:31]} {[%emt 00:00:24]} h3 {[%clk 00:43:39]} {[%emt 00:00:13]} 35.
Rh1 {[%clk 00:04:19]} {[%emt 00:00:42]} Rh4 {[%clk 00:37:45]} {[%emt 00:06:23]}
36. Bf1 {[%clk 00:04:05]} {[%emt 00:00:44]} h2 {[%clk 00:38:08]} {[%emt
00:00:07]} 37. Bg2 {[%clk 00:04:25]} {[%emt 00:00:10]} f5 {[%clk 00:37:23]}
{[%emt 00:01:15]} 38. Kd3 {[%clk 00:03:38]} {[%emt 00:01:16]} fxe4+ {[%clk
00:34:56]} {[%emt 00:02:58]} 39. fxe4 {[%clk 00:04:02]} {[%emt 00:00:07]} g4
{[%clk 00:35:23]} {[%emt 00:00:03]} 40. Rf1 {[%clk 00:33:07]} {[%emt 00:01:24]}
b5 {[%clk 01:04:19]} {[%emt 00:01:34]} 41. Re1 {[%clk 00:29:00]} {[%emt
00:04:37]} Rh8 {[%clk 01:04:11]} {[%emt 00:00:37]} 42. Rh1 {[%clk 00:26:39]}
{[%emt 00:02:52]} g3 {[%clk 01:03:22]} {[%emt 00:01:19]} 43. Ke3 {[%clk
00:20:28]} {[%emt 00:06:42]} Rf8 {[%clk 01:03:42]} {[%emt 00:00:09]} 44. Bf3
{[%clk 00:19:04]} {[%emt 00:01:54]} Nc4+ {[%clk 01:03:59]} {[%emt 00:00:12]} 45.
Ke2 {[%clk 00:19:28]} {[%emt 00:00:06]} Nd2 {[%clk 01:04:16]} {[%emt 00:00:13]}
46. Kxd2 {[%clk 00:18:39]} {[%emt 00:01:19]} Rxf3 {[%clk 01:04:41]} {[%emt
00:00:04]} 47. Re1 {[%clk 00:18:33]} {[%emt 00:00:36]} g2 {[%clk 01:05:01]}
{[%emt 00:00:10]} 0-1

[Event "Top 12 2021"]
[Site "Chalons en Champagne, France"]
[Date "2021.07.04"]
[Round "11.23"]
[White "Papadiamandis, Elliot MUL"]
[Black "Spielmann, Alain VAN"]
[Result "1-0"]
[WhiteElo "2327"]
[BlackElo "2209"]

1. e4 {[%clk 01:30:58]} {[%emt 00:00:01]} c6 {[%clk 01:30:56]} {[%emt
00:00:05]} 2. d4 {[%clk 01:31:18]} {[%emt 00:00:10]} d5 {[%clk 01:31:23]}
{[%emt 00:00:03]} 3. Nc3 {[%clk 01:31:38]} {[%emt 00:00:09]} dxe4 {[%clk
01:31:51]} {[%emt 00:00:03]} 4. Nxe4 {[%clk 01:31:58]} {[%emt 00:00:11]} Nf6
{[%clk 01:32:17]} {[%emt 00:00:04]} 5. Nxf6+ {[%clk 01:32:07]} {[%emt
00:00:21]} gxf6 {[%clk 01:32:44]} {[%emt 00:00:03]} 6. Nf3 {[%clk 01:30:16]}
{[%emt 00:02:22]} Bg4 {[%clk 01:32:56]} {[%emt 00:00:17]} 7. Be2 {[%clk
01:24:00]} {[%emt 00:06:46]} e6 {[%clk 01:23:21]} {[%emt 00:10:05]} 8. Bf4
{[%clk 01:11:47]} {[%emt 00:12:44]} Bd6 {[%clk 01:23:39]} {[%emt 00:00:12]} 9.
Qd2 {[%clk 01:11:27]} {[%emt 00:00:50]} Qc7 {[%clk 01:23:41]} {[%emt 00:00:28]}
10. Bxd6 {[%clk 01:06:25]} {[%emt 00:05:33]} Qxd6 {[%clk 01:23:59]} {[%emt
00:00:12]} 11. O-O-O {[%clk 01:05:52]} {[%emt 00:01:03]} Nd7 {[%clk 01:24:02]}
{[%emt 00:00:27]} 12. Qa5 {[%clk 01:06:01]} {[%emt 00:00:21]} O-O {[%clk
01:11:40]} {[%emt 00:12:51]} 13. Kb1 {[%clk 01:03:41]} {[%emt 00:02:50]} Kh8
{[%clk 01:11:51]} {[%emt 00:00:19]} 14. h3 {[%clk 01:03:19]} {[%emt 00:00:53]}
Bxf3 {[%clk 01:08:03]} {[%emt 00:04:18]} 15. Bxf3 {[%clk 01:01:12]} {[%emt
00:02:37]} Rg8 {[%clk 01:08:29]} {[%emt 00:00:03]} 16. Qh5 {[%clk 00:56:29]}
{[%emt 00:05:12]} Rg7 {[%clk 00:56:23]} {[%emt 00:12:36]} 17. c4 {[%clk
00:54:28]} {[%emt 00:02:32]} Qf4 {[%clk 00:47:32]} {[%emt 00:09:20]} 18. g3
{[%clk 00:48:37]} {[%emt 00:06:21]} Qg5 {[%clk 00:46:26]} {[%emt 00:01:35]} 19.
Qxg5 {[%clk 00:48:10]} {[%emt 00:00:59]} Rxg5 {[%clk 00:44:15]} {[%emt
00:02:41]} 20. d5 {[%clk 00:48:27]} {[%emt 00:00:13]} exd5 {[%clk 00:26:08]}
{[%emt 00:18:36]} 21. cxd5 {[%clk 00:47:01]} {[%emt 00:01:57]} c5 {[%clk
00:26:36]} {[%emt 00:00:02]} 22. d6 {[%clk 00:45:18]} {[%emt 00:02:12]} c4
{[%clk 00:26:40]} {[%emt 00:00:27]} 23. Rhe1 {[%clk 00:28:52]} {[%emt
00:16:56]} Re5 {[%clk 00:26:58]} {[%emt 00:00:12]} 24. Rxe5 {[%clk 00:26:49]}
{[%emt 00:02:34]} fxe5 {[%clk 00:24:33]} {[%emt 00:02:54]} 25. Bxb7 {[%clk
00:26:52]} {[%emt 00:00:28]} Rd8 {[%clk 00:25:02]} {[%emt 00:00:01]} 26. Bd5
{[%clk 00:25:49]} {[%emt 00:01:32]} c3 {[%clk 00:25:27]} {[%emt 00:00:05]} 27.
bxc3 {[%clk 00:25:39]} {[%emt 00:00:40]} Kg7 {[%clk 00:25:54]} {[%emt
00:00:02]} 28. Kc2 {[%clk 00:24:15]} {[%emt 00:01:55]} Nc5 {[%clk 00:25:30]}
{[%emt 00:00:54]} 29. Bc6 {[%clk 00:19:36]} {[%emt 00:05:09]} Kf6 {[%clk
00:25:35]} {[%emt 00:00:25]} 30. d7 {[%clk 00:19:32]} {[%emt 00:00:34]} Ke7
{[%clk 00:24:18]} {[%emt 00:01:46]} 31. Rd5 {[%clk 00:18:40]} {[%emt 00:01:23]}
Ne6 {[%clk 00:24:22]} {[%emt 00:00:26]} 32. Ba4 {[%clk 00:19:04]} {[%emt
00:00:06]} f6 {[%clk 00:24:35]} {[%emt 00:00:16]} 33. Ra5 {[%clk 00:18:45]}
{[%emt 00:00:49]} Ng5 {[%clk 00:24:54]} {[%emt 00:00:10]} 34. c4 {[%clk
00:17:22]} {[%emt 00:01:54]} 1-0

[Event "Top 12 2021"]
[Site "Chalons en Champagne, France"]
[Date "2021.07.04"]
[Round "11.24"]
[White "Frantz, Nicolas VAN"]
[Black "Navrotescu, Andreea MUL"]
[Result "0-1"]
[WhiteElo "2140"]
[BlackElo "2253"]

1. e4 {[%clk 01:27:47]} {[%emt 00:02:00]} c5 {[%clk 01:29:29]} {[%emt
00:01:31]} 2. Nf3 {[%clk 01:27:41]} {[%emt 00:00:36]} e6 {[%clk 01:29:41]}
{[%emt 00:00:19]} 3. d4 {[%clk 01:25:39]} {[%emt 00:02:32]} cxd4 {[%clk
01:28:43]} {[%emt 00:01:27]} 4. Nxd4 {[%clk 01:25:46]} {[%emt 00:00:23]} Nc6
{[%clk 01:28:58]} {[%emt 00:00:15]} 5. Nc3 {[%clk 01:24:02]} {[%emt 00:02:13]}
Qc7 {[%clk 01:29:15]} {[%emt 00:00:13]} 6. Be3 {[%clk 01:24:27]} {[%emt
00:00:05]} a6 {[%clk 01:29:27]} {[%emt 00:00:18]} 7. Be2 {[%clk 01:24:41]}
{[%emt 00:00:16]} Nf6 {[%clk 01:29:44]} {[%emt 00:00:14]} 8. O-O {[%clk
01:25:05]} {[%emt 00:00:06]} Bb4 {[%clk 01:30:05]} {[%emt 00:00:09]} 9. Na4
{[%clk 01:23:38]} {[%emt 00:01:57]} Be7 {[%clk 01:30:27]} {[%emt 00:00:07]} 10.
Nxc6 {[%clk 01:23:38]} {[%emt 00:00:30]} bxc6 {[%clk 01:30:51]} {[%emt
00:00:06]} 11. Nb6 {[%clk 01:24:03]} {[%emt 00:00:05]} Rb8 {[%clk 01:31:17]}
{[%emt 00:00:05]} 12. Nxc8 {[%clk 01:24:29]} {[%emt 00:00:04]} Qxc8 {[%clk
01:31:42]} {[%emt 00:00:05]} 13. e5 {[%clk 01:24:02]} {[%emt 00:00:57]} Nd5
{[%clk 01:31:57]} {[%emt 00:00:14]} 14. Bc1 {[%clk 01:24:26]} {[%emt 00:00:06]}
Bc5 {[%clk 01:27:53]} {[%emt 00:04:34]} 15. c4 {[%clk 01:05:55]} {[%emt
00:19:01]} Ne7 {[%clk 01:27:53]} {[%emt 00:00:30]} 16. Bd3 {[%clk 01:02:33]}
{[%emt 00:03:51]} Bd4 {[%clk 01:24:28]} {[%emt 00:03:56]} 17. Qe2 {[%clk
00:53:55]} {[%emt 00:09:09]} Qc7 {[%clk 01:19:39]} {[%emt 00:05:19]} 18. Re1
{[%clk 00:48:53]} {[%emt 00:05:32]} Ng6 {[%clk 01:19:34]} {[%emt 00:00:34]} 19.
Bxg6 {[%clk 00:44:59]} {[%emt 00:04:24]} fxg6 {[%clk 01:15:05]} {[%emt
00:04:59]} 20. Qe4 {[%clk 00:31:46]} {[%emt 00:13:43]} c5 {[%clk 00:59:47]}
{[%emt 00:15:48]} 21. Rb1 {[%clk 00:29:25]} {[%emt 00:02:50]} O-O {[%clk
00:59:05]} {[%emt 00:01:12]} 22. Re2 {[%clk 00:29:35]} {[%emt 00:00:20]} Rf5
{[%clk 00:57:42]} {[%emt 00:01:53]} 23. Bf4 {[%clk 00:28:57]} {[%emt 00:01:09]}
g5 {[%clk 00:56:47]} {[%emt 00:01:25]} 24. Bg3 {[%clk 00:27:52]} {[%emt
00:01:34]} h5 {[%clk 00:57:04]} {[%emt 00:00:13]} 25. h4 {[%clk 00:22:38]}
{[%emt 00:05:44]} Rbf8 {[%clk 00:53:08]} {[%emt 00:04:26]} 26. b4 {[%clk
00:20:35]} {[%emt 00:02:33]} gxh4 {[%clk 00:44:32]} {[%emt 00:09:06]} 27. Qxh4
{[%clk 00:20:59]} {[%emt 00:00:06]} Qb6 {[%clk 00:38:24]} {[%emt 00:06:37]} 28.
b5 {[%clk 00:15:41]} {[%emt 00:05:48]} axb5 {[%clk 00:36:28]} {[%emt 00:02:26]}
29. Rxb5 {[%clk 00:16:06]} {[%emt 00:00:05]} Qc6 {[%clk 00:36:31]} {[%emt
00:00:27]} 30. a4 {[%clk 00:08:19]} {[%emt 00:08:17]} Ra8 {[%clk 00:36:29]}
{[%emt 00:00:31]} 31. a5 {[%clk 00:08:11]} {[%emt 00:00:39]} Qc7 {[%clk
00:36:40]} {[%emt 00:00:19]} 32. Qe7 {[%clk 00:06:39]} {[%emt 00:02:02]} h4
{[%clk 00:30:01]} {[%emt 00:07:09]} 33. Bxh4 {[%clk 00:04:42]} {[%emt
00:02:27]} Bxe5 {[%clk 00:30:30]} {[%emt 00:00:01]} 34. Rb1 {[%clk 00:01:39]}
{[%emt 00:03:33]} Bh2+ {[%clk 00:29:21]} {[%emt 00:01:39]} 35. Kf1 {[%clk
00:01:23]} {[%emt 00:00:46]} Bd6 {[%emt 00:02:04]} 0-1

[Event "Top 12 2021"]
[Site "Chalons en Champagne, France"]
[Date "2021.07.04"]
[Round "11.25"]
[White "Movsesian, Sergei ASN"]
[Black "Van Foreest, Jorden CLI"]
[Result "1/2-1/2"]
[WhiteElo "2647"]
[BlackElo "2701"]

1. e4 {[%clk 01:30:56]} {[%emt 00:00:03]} e5 {[%clk 01:28:39]} {[%emt
00:02:20]} 2. Nf3 {[%clk 01:30:43]} {[%emt 00:00:43]} Nc6 {[%clk 01:29:01]}
{[%emt 00:00:08]} 3. d4 {[%clk 01:30:57]} {[%emt 00:00:17]} exd4 {[%clk
01:29:12]} {[%emt 00:00:19]} 4. Nxd4 {[%clk 01:29:41]} {[%emt 00:01:46]} Nf6
{[%clk 01:29:33]} {[%emt 00:00:08]} 5. Nxc6 {[%clk 01:29:16]} {[%emt 00:00:55]}
bxc6 {[%clk 01:29:55]} {[%emt 00:00:07]} 6. Bd3 {[%clk 01:29:11]} {[%emt
00:00:36]} d5 {[%clk 01:29:59]} {[%emt 00:00:25]} 7. exd5 {[%clk 01:28:48]}
{[%emt 00:00:53]} cxd5 {[%clk 01:30:20]} {[%emt 00:00:09]} 8. O-O {[%clk
01:28:57]} {[%emt 00:00:21]} Be7 {[%clk 01:30:13]} {[%emt 00:00:37]} 9. Re1
{[%clk 01:28:17]} {[%emt 00:01:10]} O-O {[%clk 01:29:31]} {[%emt 00:01:11]} 10.
h3 {[%clk 01:27:59]} {[%emt 00:00:48]} h6 {[%clk 01:26:19]} {[%emt 00:03:42]}
11. b3 {[%clk 01:24:14]} {[%emt 00:04:15]} c5 {[%clk 01:21:19]} {[%emt
00:05:30]} 12. Bb2 {[%clk 01:22:42]} {[%emt 00:02:03]} Be6 {[%clk 01:18:15]}
{[%emt 00:03:34]} 13. Nd2 {[%clk 01:21:13]} {[%emt 00:01:57]} 1/2-1/2

[Event "Top 12 2021"]
[Site "Chalons en Champagne, France"]
[Date "2021.07.04"]
[Round "11.27"]
[White "Alekseenko, Kirill ASN"]
[Black "Van Wely, Loek CLI"]
[Result "1/2-1/2"]
[WhiteElo "2699"]
[BlackElo "2620"]

1. e4 {[%clk 01:30:58]} {[%emt 00:00:01]} c5 {[%clk 01:27:37]} {[%emt
00:03:23]} 2. Nf3 {[%clk 01:31:18]} {[%emt 00:00:10]} d6 {[%clk 01:28:01]}
{[%emt 00:00:06]} 3. d4 {[%clk 01:31:43]} {[%emt 00:00:05]} cxd4 {[%clk
01:28:24]} {[%emt 00:00:07]} 4. Nxd4 {[%clk 01:32:10]} {[%emt 00:00:03]} Nf6
{[%clk 01:28:45]} {[%emt 00:00:09]} 5. Nc3 {[%clk 01:32:35]} {[%emt 00:00:04]}
a6 {[%clk 01:29:11]} {[%emt 00:00:05]} 6. Bg5 {[%clk 01:32:52]} {[%emt
00:00:13]} e6 {[%clk 01:26:02]} {[%emt 00:03:38]} 7. Qe2 {[%clk 01:33:00]}
{[%emt 00:00:22]} b5 {[%clk 01:21:18]} {[%emt 00:05:14]} 8. a3 {[%clk
01:22:04]} {[%emt 00:11:27]} Bb7 {[%clk 01:19:28]} {[%emt 00:02:19]} 9. O-O-O
{[%clk 01:11:39]} {[%emt 00:10:55]} Nbd7 {[%clk 01:18:19]} {[%emt 00:01:40]} 10.
h4 {[%clk 00:49:18]} {[%emt 00:22:51]} Rc8 {[%clk 01:05:44]} {[%emt 00:13:05]}
11. Rh3 {[%clk 00:49:37]} {[%emt 00:00:10]} Be7 {[%clk 00:49:21]} {[%emt
00:16:52]} 12. Kb1 {[%clk 00:48:42]} {[%emt 00:01:26]} h6 {[%clk 00:40:41]}
{[%emt 00:09:10]} 13. Bc1 {[%clk 00:48:51]} {[%emt 00:00:21]} h5 {[%clk
00:40:24]} {[%emt 00:00:48]} 14. Qe1 {[%clk 00:41:05]} {[%emt 00:08:16]} Qc7
{[%clk 00:36:48]} {[%emt 00:04:06]} 15. Bg5 {[%clk 00:38:33]} {[%emt 00:03:01]}
O-O {[%clk 00:29:45]} {[%emt 00:07:33]} 16. f3 {[%clk 00:33:32]} {[%emt
00:05:32]} Nc5 {[%clk 00:23:23]} {[%emt 00:06:51]} 17. Qe3 {[%clk 00:28:14]}
{[%emt 00:05:48]} g6 {[%clk 00:17:21]} {[%emt 00:06:32]} 18. Bd3 {[%clk
00:22:35]} {[%emt 00:06:09]} e5 {[%clk 00:13:19]} {[%emt 00:04:32]} 19. Nde2
{[%clk 00:21:27]} {[%emt 00:01:38]} Nxd3 {[%clk 00:09:53]} {[%emt 00:03:57]} 20.
Qxd3 {[%clk 00:17:30]} {[%emt 00:04:27]} d5 {[%clk 00:08:44]} {[%emt 00:01:39]}
21. Bxf6 {[%clk 00:15:28]} {[%emt 00:02:31]} dxe4 {[%clk 00:08:53]} {[%emt
00:00:20]} 22. fxe4 {[%clk 00:13:47]} {[%emt 00:02:12]} Bxf6 {[%clk 00:07:40]}
{[%emt 00:01:43]} 23. Qf3 {[%clk 00:13:54]} {[%emt 00:00:22]} Bg7 {[%clk
00:06:53]} {[%emt 00:01:18]} 24. g4 {[%clk 00:13:59]} {[%emt 00:00:25]} a5
{[%clk 00:07:10]} {[%emt 00:00:12]} 25. gxh5 {[%clk 00:09:50]} {[%emt
00:04:39]} b4 {[%clk 00:07:26]} {[%emt 00:00:14]} 26. hxg6 {[%clk 00:10:03]}
{[%emt 00:00:17]} bxc3 {[%clk 00:07:07]} {[%emt 00:00:48]} 27. Nxc3 {[%clk
00:10:27]} {[%emt 00:00:06]} fxg6 {[%clk 00:06:19]} {[%emt 00:01:18]} 28. Qg4
{[%clk 00:09:29]} {[%emt 00:01:29]} Qb6 {[%clk 00:03:32]} {[%emt 00:03:18]} 29.
h5 {[%clk 00:08:20]} {[%emt 00:01:38]} Rf4 {[%clk 00:02:40]} {[%emt 00:01:22]}
30. Qd7 {[%clk 00:06:14]} {[%emt 00:02:37]} Rf7 {[%clk 00:01:59]} {[%emt
00:01:10]} 31. Qg4 {[%clk 00:04:21]} {[%emt 00:02:23]} Rf4 {[%clk 00:02:27]}
{[%emt 00:00:02]} 32. Qd7 {[%clk 00:04:37]} {[%emt 00:00:14]} Rf7 {[%clk
00:00:54]} {[%emt 00:02:03]} 33. Qg4 {[%clk 00:03:46]} {[%emt 00:01:21]} Rf4
{[%clk 00:00:46]} {[%emt 00:00:38]} 34. Qd7 {[%emt 00:02:11]} Rff8 {[%emt
00:00:43]} 35. Qg4 1/2-1/2

[Event "Top 12 2021"]
[Site "Chalons en Champagne, France"]
[Date "2021.07.04"]
[Round "11.28"]
[White "Tregubov, Pavel CLI."]
[Black "Gozzoli, Yannick ASN"]
[Result "1/2-1/2"]
[WhiteElo "2557"]
[BlackElo "2600"]

1. d4 {[%clk 01:30:25]} {[%emt 00:00:34]} d5 {[%clk 01:30:37]} {[%emt
00:00:23]} 2. c4 {[%clk 01:30:48]} {[%emt 00:00:07]} c6 {[%clk 01:31:02]}
{[%emt 00:00:05]} 3. cxd5 {[%clk 01:31:13]} {[%emt 00:00:05]} cxd5 {[%clk
01:31:27]} {[%emt 00:00:05]} 4. Bf4 {[%clk 01:31:39]} {[%emt 00:00:05]} Nc6
{[%clk 01:31:38]} {[%emt 00:00:19]} 5. e3 {[%clk 01:32:02]} {[%emt 00:00:08]}
Nf6 {[%clk 01:31:40]} {[%emt 00:00:27]} 6. Nc3 {[%clk 01:32:25]} {[%emt
00:00:07]} Bg4 {[%clk 01:31:40]} {[%emt 00:00:30]} 7. Qb3 {[%clk 01:32:45]}
{[%emt 00:00:10]} Na5 {[%clk 01:32:04]} {[%emt 00:00:06]} 8. Qa4+ {[%clk
01:33:10]} {[%emt 00:00:06]} Bd7 {[%clk 01:32:29]} {[%emt 00:00:05]} 9. Qc2
{[%clk 01:33:34]} {[%emt 00:00:06]} e6 {[%clk 01:32:47]} {[%emt 00:00:12]} 10.
Bd3 {[%clk 01:33:52]} {[%emt 00:00:12]} Rc8 {[%clk 01:33:10]} {[%emt 00:00:07]}
11. Nf3 {[%clk 01:32:46]} {[%emt 00:01:36]} Bb4 {[%clk 01:33:07]} {[%emt
00:00:32]} 12. O-O {[%clk 01:26:37]} {[%emt 00:06:39]} O-O {[%clk 01:29:28]}
{[%emt 00:04:08]} 13. Ne5 {[%clk 01:23:45]} {[%emt 00:03:22]} h6 {[%clk
01:29:53]} {[%emt 00:00:06]} 14. Rfc1 {[%clk 01:20:36]} {[%emt 00:03:39]} Nh5
{[%clk 01:11:11]} {[%emt 00:19:12]} 15. Bg3 {[%clk 01:08:13]} {[%emt 00:12:53]}
Nxg3 {[%clk 01:06:39]} {[%emt 00:05:02]} 16. hxg3 {[%clk 01:08:28]} {[%emt
00:00:16]} Nc6 {[%clk 01:03:50]} {[%emt 00:03:17]} 17. Nxd7 {[%clk 01:04:16]}
{[%emt 00:04:43]} Qxd7 {[%clk 01:03:59]} {[%emt 00:00:21]} 18. Qa4 {[%clk
01:02:51]} {[%emt 00:01:55]} Bd6 {[%clk 00:49:13]} {[%emt 00:15:16]} 19. a3
{[%clk 01:01:58]} {[%emt 00:01:23]} f5 {[%clk 00:45:33]} {[%emt 00:04:10]} 20.
b4 {[%clk 00:59:53]} {[%emt 00:02:35]} g5 {[%clk 00:38:14]} {[%emt 00:07:49]}
21. b5 {[%clk 00:44:38]} {[%emt 00:15:45]} Ne7 {[%clk 00:38:30]} {[%emt
00:00:14]} 22. Ne2 {[%clk 00:44:20]} {[%emt 00:00:49]} b6 {[%clk 00:36:54]}
{[%emt 00:02:05]} 23. Qb3 {[%clk 00:43:43]} {[%emt 00:01:07]} Rxc1+ {[%clk
00:33:24]} {[%emt 00:04:01]} 24. Rxc1 {[%clk 00:40:53]} {[%emt 00:03:20]} Rc8
{[%clk 00:33:45]} {[%emt 00:00:08]} 25. a4 {[%clk 00:39:59]} {[%emt 00:01:25]}
Rxc1+ {[%clk 00:30:56]} {[%emt 00:03:20]} 26. Nxc1 {[%clk 00:39:33]} {[%emt
00:00:55]} Qc7 {[%clk 00:31:17]} {[%emt 00:00:08]} 27. Qb2 {[%clk 00:35:16]}
{[%emt 00:04:47]} Kg7 {[%clk 00:31:15]} {[%emt 00:00:32]} 28. Qc2 {[%clk
00:27:13]} {[%emt 00:08:33]} Qxc2 {[%clk 00:28:53]} {[%emt 00:02:52]} 29. Bxc2
{[%clk 00:27:37]} {[%emt 00:00:06]} Ng8 {[%clk 00:28:45]} {[%emt 00:00:38]} 30.
Ne2 {[%clk 00:27:48]} {[%emt 00:00:20]} Nf6 {[%clk 00:29:01]} {[%emt 00:00:13]}
31. f3 {[%clk 00:28:12]} {[%emt 00:00:07]} Bb4 {[%clk 00:28:22]} {[%emt
00:01:08]} 32. Kf2 {[%clk 00:27:46]} {[%emt 00:00:57]} Kf7 {[%clk 00:24:21]}
{[%emt 00:04:31]} 33. Nc1 {[%clk 00:26:57]} {[%emt 00:01:19]} Bd6 {[%clk
00:24:38]} {[%emt 00:00:12]} 34. Ne2 {[%clk 00:24:53]} {[%emt 00:02:34]}
1/2-1/2